Países de Asia en 1 minuto - Estadísticas

Estadísticas generales
  • Esta prueba ha sido intentada 86 veces
  • La puntuación promedio es 31 de 48
Respuestas en el mapa
Las respuestas están codificadas por una escala verde-roja en el mapa de la prueba según el % correcto abajo.
 
Estadísticas de respuestas
Respuesta % Correcto
China
97%
Japón
92%
India
87%
Mongolia
87%
Indonesia
82%
Irán
79%
Irak
77%
Kazajistán
77%
Corea del Norte
74%
Corea del Sur
74%
Filipinas
74%
Nepal
72%
Pakistán
72%
Afganistán
69%
Malasia
69%
Tailandia
69%
Turquía
69%
Vietnam
69%
Camboya
67%
Georgia
67%
Kirguistán
67%
Sri Lanka
67%
Arabia Saudita
64%
Bután
64%
Catar
64%
Laos
64%
Omán
64%
Singapur
64%
Tayikistán
64%
Uzbekistán
64%
Brunéi
62%
Myanmar
62%
Yemen
62%
Armenia
59%
Bangladés
59%
Taiwán
59%
Turkmenistán
59%
Azerbaiyán
56%
Emiratos Árabes Unidos
56%
Maldivas
56%
Siria
56%
Baréin
51%
Israel
46%
Jordania
46%
Kuwait
46%
Timor Oriental
46%
Líbano
41%
Chipre
36%
No se encontraron pruebas coincidentes
Distribución de puntuación
Porcentaje de gente con cada puntuación
Porcentaje por número respondido
Historial de tus puntuaciones
No has intentado esta prueba.